Junges Radio : kinder und jugendliche machen radio
Αποθηκεύτηκε σε:
| Κύριος συγγραφέας: | |
|---|---|
| Άλλοι συγγραφείς: | , |
| Μορφή: | Βιβλίο |
| Γλώσσα: | German |
| Δημοσίευση: |
Munchen :
Kopaed,
2005
|
| Σειρά: | Materialien zur Medienpdagogik ;
; 5 |
| Θέματα: | |
| Ετικέτες: |
Προσθήκη ετικέτας
Δεν υπάρχουν, Καταχωρήστε ετικέτα πρώτοι!
|
MARC
| LEADER | 00000nam a2200000 i 4500 | ||
|---|---|---|---|
| 001 | 1/41821 | ||
| 008 | 070301s2005 ger d | ||
| 020 | |a 3-938028-28-9 | ||
| 035 | |l 10087185 | ||
| 040 | |a GR-MY-UA |b gre |e aacr | ||
| 041 | 0 | |a ger | |
| 082 | 0 | |a 370.118 |2 (22) | |
| 100 | 1 | |a Bloech, Michael. | |
| 245 | 1 | 0 | |a Junges Radio : |b kinder und jugendliche machen radio / |c Michael Bloech ; Fabian Fiedler, Klaus Lutz |
| 260 | |a Munchen : |b Kopaed, |c 2005 | ||
| 300 | |a 143 σ.; |c 24 σ. | ||
| 490 | 1 | |a Materialien zur Medienpdagogik |v ; 5 | |
| 504 | |a Περιλαμβάνει βιβλιογραφίες. | ||
| 650 | 0 | 0 | |a Education for creativity. |
| 650 | 0 | 0 | |a Educational innovations. |
| 650 | 0 | 0 | |a Educational broadcasting. |
| 650 | 0 | 0 | |a Educational games |x Interactive multimedia. |
| 700 | 1 | |a Fiedler, Fabian. | |
| 700 | 1 | |a Lutz, Klaus. | |
| 830 | 0 | |a Materialien zur Medienpdagogik ; |v ; 5 | |
| 852 | |a INST |b RHODES |e 20070301 |h 370.118 BLO |p 005400026939 |q 005400026939 |t BK |y 0 | ||
| 901 | |a BIBL4-2007-1 | ||
| 909 | |a Ρ |b 132098 | ||
| 920 | |a ΑΝΑΜΟΡΦΩΣΗ |b ΕΠΕΑΕΚ ΙΙ-ΠΤΔΕ |y ΡΟΔΟΣ |z 2006-12 | ||
| 970 | |a ΜΙΣΣΟΣ |b ΣΤΑΥΡΟΣ |z 2007/03/01 | ||